[Event "Logumkloster Byturnering Basis 2 2010"]
[Site "Logumkloster"]
[Date "2010.05.11"]
[Round "5"]
[White "Kristensen, Karl Martin"]
[Black "Kallesen, Jesper"]
[Result "0-1"]
[WhiteElo "1447"]
[BlackElo "1482"]
[PlyCount "112"]
[EventDate "2010.??.??"]

1. c4 e5 2. Nc3 Nc6 3. Nf3 d6 4. e4 Nf6 5. d3 g6 6. Be2 Bg7 7. h3 O-O 8. Be3
Ne7 9. O-O c6 10. d4 Nd7 11. d5 c5 12. Nh2 f5 13. f4 Qb6 14. fxe5 Nxe5 15. Bg5
Rf7 16. Qd2 Qb4 17. Nb5 Qxd2 18. Bxd2 fxe4 19. Rxf7 Nxf7 20. Nc3 Bd4+ 21. Kh1
Nf5 22. Nxe4 Bxb2 23. Rb1 Be5 24. g4 Ng3+ 25. Nxg3 Bxg3 26. Rb3 Bxh2 27. Kxh2
b6 28. Re3 Kf8 29. Rf3 Bd7 30. Bg5 Re8 31. Rf2 Kg8 32. Bf6 Re4 33. Bd3 Re3 34.
Bc2 Ne5 35. Bb3 h5 36. Bxe5 dxe5 37. Rf6 hxg4 38. hxg4 Kg7 39. g5 e4 40. Kg2
Rd3 41. Rc6 Bxc6 42. dxc6 Rd8 43. Kf2 Rc8 44. Ke3 Rxc6 45. Kxe4 Kf7 46. Kd5 Re6
47. Ba4 Ke7 48. Bb5 Rd6+ 49. Ke5 Rd2 50. a4 Rg2 51. Kf4 Ke6 52. Bc6 Ra2 53. Be8
a6 54. Bxg6 Rxa4 55. Bh7 Rxc4+ 56. Ke3 Kf7 0-1